|
|
|
|
| LEADER |
02342nam a2200553 a 4500 |
| 001 |
nkc20051583781 |
| 003 |
CZ PrNK |
| 005 |
20090922175006.0 |
| 007 |
ta |
| 008 |
050928s2005 xr a f 100 0 cze |
| 015 |
|
|
|a cnb001583781
|
| 020 |
|
|
|a 80-7308-101-6
|q (brož.)
|
| 035 |
|
|
|a (OCoLC)85163122
|
| 040 |
|
|
|a BOA001
|b cze
|d ABA001
|d OLA001
|
| 041 |
0 |
|
|a cze
|a slo
|
| 043 |
|
|
|a e-xr---
|
| 045 |
|
|
|a x4y0
|
| 072 |
|
7 |
|a 81
|x Lingvistika. Jazyky
|2 Konspekt
|9 11
|
| 080 |
|
|
|a 81'25
|2 MRF
|
| 080 |
|
|
|a 811.162.3'25
|2 MRF
|
| 080 |
|
|
|a 81'255.4
|2 MRF
|
| 080 |
|
|
|a (437.3)
|2 MRF
|
| 080 |
|
|
|a (062.534)
|2 MRF
|
| 111 |
2 |
|
|a Český překlad 1945-2004 (kolokvium)
|d (2005 :
|c Praha, Česko)
|7 mzk2006318385
|
| 245 |
1 |
0 |
|a Český překlad II (1945-2004) :
|b sborník příspěvků z kolokvia, které se konalo v Ústavu translatologie FF UK v rámci výzkumného záměru Základy moderního světa v zrcadle literatury a filozofie (MSM 0021620824) v Praze 8. dubna 2005 /
|c [uspořádal Milan Hrala]
|
| 260 |
|
|
|a V Praze :
|b Univerzita Karlova, Filozofická fakulta,
|c 2005
|
| 300 |
|
|
|a 394 s. :
|b il. ;
|c 21 cm
|
| 500 |
|
|
|a 200 výt.
|
| 500 |
|
|
|a Nad názvem: Ústav translatologie FFUK
|
| 504 |
|
|
|a Obsahuje bibliografie a bibliografické odkazy
|
| 546 |
|
|
|a Část. slovenský text
|
| 648 |
|
4 |
|a 1945-2004
|
| 650 |
0 |
7 |
|a teorie překladu
|7 ph116430
|2 czenas
|
| 650 |
0 |
7 |
|a překlady do češtiny
|7 ph124901
|y 20.-21. století
|2 czenas
|
| 650 |
0 |
7 |
|a literární překlady
|7 ph122392
|z Česko
|y 20.-21. století
|2 czenas
|
| 650 |
0 |
9 |
|a theory of translation
|2 eczenas
|
| 650 |
0 |
9 |
|a translations into Czech
|y 20th-21st centuries
|2 eczenas
|
| 650 |
0 |
9 |
|a literary translation
|z Czechia
|y 20th-21st centuries
|2 eczenas
|
| 655 |
|
7 |
|a sborníky konferencí
|7 fd133333
|2 czenas
|
| 655 |
|
9 |
|a proceedings of conferences
|2 eczenas
|
| 700 |
1 |
|
|a Hrala, Milan,
|d 1931-2015
|7 jk01042660
|4 com
|
| 710 |
2 |
|
|a Univerzita Karlova.
|b Ústav translatologie
|7 xx0010431
|
| 856 |
4 |
1 |
|u http://www.digitalniknihovna.cz/mzk/uuid/uuid:88331280-8ec8-11e5-ac67-005056827e51
|y Digitalizovaný dokument
|x NDK
|
| 910 |
2 |
|
|a BOA001
|b 2-1165.495
|
| 928 |
9 |
|
|a Filozofická fakulta Univerzity Karlovy
|
| 990 |
|
|
|a BK
|
| 995 |
|
|
|a 01
|
| 991 |
|
|
|b 200603
|c NOV
|
| 996 |
6 |
|
|b 2610273808
|c 2-1165.495
|l MZK
|r Sklad / do 1 hodiny
|n 18
|p p.v.
|w 000809813
|u 000010
|a 1
|e BOA001
|j MZK50
|s P
|